Largest Cities in Africa Beginning With 'G' - Statistics

General Stats
  • This quiz has been taken 22 times
  • The average score is 3 of 17
Answer Stats
# Population Nat. Answer % Correct
9 246,325 Botswana Gaborone
95%
15 157,397 South Africa George
38%
8 249,862 DR Congo Goma
38%
1 1,200,000 South Africa Gqeberha
38%
7 252,090 Rwanda Gisenyi
24%
2 560,000 Nigeria Gombe
24%
3 466,000 Ethiopia Gonder
24%
10 235,996 Cameroon Garoua
14%
4 365,000 Nigeria Gboko
14%
13 160,465 Côte d'Ivoire (Ivory Coast) Gagnoa
10%
6 269,395 Sudan Gedaref
5%
5 318,006 Tanzania Geita
5%
17 142,913 Algeria Ghardaïa
5%
11 233,271 Uganda Gulu
5%
14 159,050 Zimbabwe Gweru
5%
12 163,399 Kenya Garissa
0%
16 145,466 Mozambique Gurué
0%
No matching quizzes found
Score Distribution
Percent of People with Each Score
Percentile by Number Answered
Your Score History
You have not taken this quiz